Loading...

Allgemeine Künstler-Historie, oder berühmter Künstlere Leben, Werke, und Verrichtungen : mit vielen Nachrichten von raren alten und neuen Kupferstichen beschrieben

Saved in:
Bibliographic Details
Main Author: Knorr, Georg Wolfgang (Author, VerfasserIn)
Document Type: Online Resource Book
Language:German
Published: Nürnberg : Author , 1759
Subjects:
Online Access:lizenzpflichtig
// Exemplar mit der Signatur: München, Bayerische Staatsbibliothek -- Res/4 Art. 49 ih
// Exemplar mit der Signatur: Coburg, Landesbibliothek -- B I 3
Related Items:Elektronische Reproduktion von: Allgemeine Künstler-Historie, oder berühmter Künstlere Leben, Werke, und Verrichtungen
Author Notes:von Georg Wolfgang Knorr
LEADER 03773cam a2200625 c 4500
001 77419667X
003 DE-627
005 20260416015352.0
007 cr uuu---uuuuu
008 131211s1759 xx |||||o 00| ||ger c
024 7 |a urn:nbn:de:bvb:12-bsb00074830-6  |2 urn 
024 7 |a urn:nbn:de:bvb:12-bsb11915120-2  |2 urn 
024 7 |a VD18 14709813  |2 vd18 
035 |a (DE-627)77419667X 
035 |a (DE-576)9774196678 
035 |a (DE-599)BVBBV001662379D 
035 |a (OCoLC)220595414 
035 |a (DE-604)BV001662379D 
035 |a (DE-604)016623797 
040 |a DE-627  |b ger  |c DE-627  |e rakwb 
041 |a ger 
084 |a LH 64020  |2 rvk  |0 (DE-625)rvk/94427: 
100 1 |a Knorr, Georg Wolfgang  |d 1705-1761  |e VerfasserIn  |0 (DE-588)123983150  |0 (DE-627)085564613  |0 (DE-576)168675803  |4 aut 
245 1 0 |a Allgemeine Künstler-Historie, oder berühmter Künstlere Leben, Werke, und Verrichtungen  |b mit vielen Nachrichten von raren alten und neuen Kupferstichen beschrieben  |c von Georg Wolfgang Knorr 
246 3 0 |a Künstler 
264 1 |a Nürnberg  |b Author  |c 1759 
264 3 |a [Nürnberg]  |b Bieling  |c 1759 
300 |a [4] Bl., 282 [i.e. 228] S., 11 [i.e. 6] Bl.  |b 6 Ill. (Kupferst.), Ill. (Kupferst.)  |c 4 
336 |a Text  |b txt  |2 rdacontent 
337 |a Computermedien  |b c  |2 rdamedia 
338 |a Online-Ressource  |b cr  |2 rdacarrier 
500 |a Enth. außerdem: Knorr, Georg W., Alberti Dureri Opera Omnia 
500 |a Vorlageform des Erscheinungsvermerks: Nürnberg, zu finden bey dem Author. Gedruckt, bey Andreas Bieling. 1759 
505 8 |a Knorr, Georg W., Alberti Dureri Opera Omnia 
533 |a Online-Ausgabe  |b München  |c Bayerische Staatsbibliothek  |d 2012-2025  |e 1 Online-Ressource  |7 |20122025|||||| 
535 1 |a Coburg, Landesbibliothek  |3 B I 3 
655 7 |a Biografie  |0 (DE-588)4006804-3  |0 (DE-627)104213493  |0 (DE-576)208867147  |2 gnd-content 
655 7 |a Biographie  |0 (DE-627)096631023  |2 local 
655 7 |a Lexikon  |0 (DE-627)096632194  |2 local 
689 0 0 |d s  |0 (DE-588)4033423-5  |0 (DE-627)106257307  |0 (DE-576)209001941  |a Künstler  |2 gnd 
689 0 |5 DE-101 
751 |a Nürnberg  |4 pup 
776 0 8 |i Elektronische Reproduktion von  |a Knorr, Georg Wolfgang, 1705 - 1761  |t Allgemeine Künstler-Historie, oder berühmter Künstlere Leben, Werke, und Verrichtungen  |d Nürnberg : Author, 1759  |h [4] Bl., 282 [i.e. 228] S., 11 [i.e. 6] Bl.  |w (DE-627)774980591  |n Coburg, Landesbibliothek -- B I 3 
850 |a RedVD18-DE-12 
856 4 0 |u http://digital.bib-bvb.de/webclient/DeliveryManager?pid=14906586&custom_att_2=simple_viewer  |x Verlag  |z lizenzpflichtig  |7 1 
856 4 0 |u http://mdz-nbn-resolving.de/urn:nbn:de:bvb:12-bsb00074830-6  |x Resolving-System  |z // Exemplar mit der Signatur: München, Bayerische Staatsbibliothek -- Res/4 Art. 49 ih  |z kostenfrei  |7 0 
856 4 0 |u http://mdz-nbn-resolving.de/urn:nbn:de:bvb:12-bsb11915120-2  |x Resolving-System  |z // Exemplar mit der Signatur: Coburg, Landesbibliothek -- B I 3  |z kostenfrei  |7 0 
889 |w (DE-576)402703723 
889 |w (DE-627)1472703723 
912 |a vd18 
935 |i vd18 
936 r v |a LH 64020  |b Sammlungen von Quellenschriften zur Kunst mehrerer Länder, mehrerer Epochen und verschiedener Gattungen. (Hierzu und im folgenden auch von einem Autor verfasste Sammlungen von Künstlerbiografien)  |k Kunstgeschichte  |k Allgemeines. Allgemeine Kunstgeschichte  |k Allgemeine Kunstgeschichte: Quellen  |k Quellenschriften zur gesamten Kunstgeschichte  |k Sammlungen von Quellenschriften zur Kunst mehrerer Länder, mehrerer Epochen und verschiedener Gattungen. (Hierzu und im folgenden auch von einem Autor verfasste Sammlungen von Künstlerbiografien)  |0 (DE-627)1271072289  |0 (DE-625)rvk/94427:  |0 (DE-576)201072289 
951 |a BO 
990 |a Künstler 
999 |a KXP-PPN77419667X  |e 3538131643